Les Animaux. (Запис № 280605)

МАРК-запис
000 -LEADER
fixed length control field 01083nam a22001577a 4500
041 ## - LANGUAGE CODE
Language code of text/sound track or separate title fre
080 ## - UNIVERSAL DECIMAL CLASSIFICATION NUMBER
Universal Decimal Classification number 57
090 ## - LOCALLY ASSIGNED LC-TYPE CALL NUMBER (OCLC); LOCAL CALL NUMBER (OCLC)
Local cutter number (OCLC) ; Book number/undivided call number, CALL (RLIN) GUE
100 ## - MAIN ENTRY--PERSONAL NAME
Personal name Gueldre, Jean de
245 ## - TITLE STATEMENT
Title Les Animaux.
260 ## - PUBLICATION, DISTRIBUTION, ETC. (IMPRINT)
Place of publication, distribution, etc Anvers
Name of publisher, distributor, etc Chanteclerc
Date of publication, distribution, etc 1975
300 ## - PHYSICAL DESCRIPTION
Extent 23
520 ## - SUMMARY, ETC.
Summary, etc Cest lhistoire fascinante, dans un langage simple et direct, de la relation etroite qui existe entre le milieu de vie des animaux, leur nourriture et leur comportement.<br/>Mais les animaux sont relies aux plantes, les plantes a la terre, au soleil, a l eau, aux mineraux, et tout cela a lhomme. Il est partie integrante de cet ensemble, et nn simple spectateur. Ainsi, ces ouvrages sur les animaux ne sont que des chapitres de lhistoire de la vie elle-meme.<br/><br/>Ils apporteront aux enfants ( et aux adolescent) une meilleure connaissance de notre planete et leur permettront de comprendre toute la responsbilite de l homme quant a la conservaton de l equilibre de la nature. On sait combien il est aujourdhui menace et une telle prise de conscience est capitale pour lavenir de lhumanite.
650 ## - SUBJECT ADDED ENTRY--TOPICAL TERM
Topical term or geographic name as entry element French
942 ## - ADDED ENTRY ELEMENTS (KOHA)
Koha item type Книги
Фонди
Withdrawn status Lost status Source of classification or shelving scheme Damaged status Not for loan Home library Current library Date acquired Source of acquisition Coded location qualifier Cost, normal purchase price Total Checkouts Full call number Barcode Date last seen Price effective from Koha item type
    Universal Decimal Classification     ВІЛ - Відділ іноземн. літератури НБ ВІЛ - Відділ іноземн. літератури НБ 08/08/2005 Акт N25 11.02   57 206015 08/12/2021 21/06/2001 Книги